Atlasul etnografic român
| Titel: | Atlasul etnografic român / Academia Română Institutul de Etnografie şi Folclor "Constantin Brăiloiu". Coord. Ion Ghinoiu |
|---|---|
| Beteiligt: | |
| Veröffentlicht: | Bucuresti : Ed. Acad. Române [u.a.], 2003 |
| Format: | Mehrteiliges Werk |
| Sprache: | Romani; Englisch; Französisch; Deutsch |
| Bände: |
alle Bände anzeigen
|
| ISBN: | 973567422X ; 9732710454 |
alg: 12383123
001A $03004:27-09-04
001B $01999:01-09-20 $t22:44:24.000
001D $03004:27-09-04
001U $0utf8
001X $00
002@ $0Acu
002C $aText $btxt $2rdacontent
002D $aohne Hilfsmittel zu benutzen $bn $2rdamedia
002E $aBand $bnc $2rdacarrier
003@ $0123831237
003O $0177220156 $aOCoLC
004A $0973-567-422-X
004A $0973-27-1045-4
007A $0123831237 $aHEB
010@ $arom $aeng $afre $ager
010E $erda
011@ $a2003
013D $RBildband $RAtlaskartografie $RKarte $#Atlases $#Atlas $#Weltatlas $#Bildatlas $#Topographischer Atlas $#Topografischer Atlas $#Atlanten $74143303-8 $8Atlas [Ts1] $9085561835
021A $aAtlasul etnografic român $hAcademia Română Institutul de Etnografie şi Folclor "Constantin Brăiloiu". Coord. Ion Ghinoiu
028C $7 $8Ghinoiu, Ion [Tnx] $9171074041
033A $pBucuresti $nEd. Acad. Române {[u.a.]
037A $aText deutsch, englisch, französisch und rumänisch
lok: 12383123 24
exp: 12383123 24 1 #EPN
201B/01 $027-09-04 $t09:41:07.000
201C/01 $027-09-04
203@/01 $0219826056
208@/01 $a27-09-04 $bda
209B/01 $aEinzelbestellung (050) $x09
220C/01 $ajwa
201U/01 $0utf8
lok: 12383123 204
exp: 12383123 204 1 #EPN
201B/01 $017-06-09 $t11:33:16.000
201C/01 $017-06-09
201U/01 $0utf8
203@/01 $0576045144
208@/01 $a17-06-09 $bdaUB
| LEADER | 00000cam a2200000 ca4500 | ||
|---|---|---|---|
| 001 | 123831237 | ||
| 003 | DE-603 | ||
| 005 | 20200901224424.0 | ||
| 007 | tu | ||
| 008 | 040927s2003 xx |||| | u00||u|rom c | ||
| 020 | |a 973567422X | ||
| 020 | |a 9732710454 | ||
| 035 | |a (DE-599)HEB123831237 | ||
| 035 | |a (OCoLC)177220156 | ||
| 040 | |a DE-603 |b ger |c DE-603 |d DE-603 |e rda | ||
| 041 | |a rom |a eng |a fre |a ger | ||
| 245 | 0 | 0 | |a Atlasul etnografic român |c Academia Română Institutul de Etnografie şi Folclor "Constantin Brăiloiu". Coord. Ion Ghinoiu |
| 264 | 1 | |a Bucuresti |b Ed. Acad. Române [u.a.] |c 2003 | |
| 336 | |a Text |b txt |2 rdacontent | ||
| 337 | |a ohne Hilfsmittel zu benutzen |b n |2 rdamedia | ||
| 338 | |a Band |b nc |2 rdacarrier | ||
| 500 | |a Text deutsch, englisch, französisch und rumänisch | ||
| 655 | 7 | |a Atlas |2 gnd-content |0 (DE-588)4143303-8 |0 (DE-603)085561835 | |
| 700 | 1 | |a Ghinoiu, Ion |0 (DE-603)171074041 | |
| 924 | 0 | |9 603 |a (DE-603)219826056 |b DE-603 |c HES |d d | |
| 924 | 0 | |9 603 |a (DE-603)576045144 |b DE-603 |c HES |d d | |


